000
00328nam a22001457a 4500
008
210429b ||||| |||| 00| 0 eng d
020
_a
9781256691907
041
_a
eng
080
_a
621
082
_a
621
100
_a
26
101
_a
MEK
245
_a
Automotive Heating & Air Conditioning
_c
Tom Birch
942
_2
udc
_c
BK
999
_c
56942
_d
56942